000 00601pab a2200217 454500
008 180718b2010 xxu||||| |||| 00| 0 eng d
100 _aHalder, Santoshi
245 _aDeveloping information seeking behaviour among the university students in an era of information explosion: need of the hour
260 _c2010
300 _ap.7-12.
362 _a22 Feb
650 _aInformation
650 _aUniversities
650 _aStudents
650 _aAccess to information
700 _aRoy, Anjal
700 _aChakraborty, P.K.
773 _aUniversity News
908 _aN
909 _a85707
999 _c85707
_d85707